000 00710nam a2200205 4500
999 _c186336
_d186336
005 20220223154709.0
010 _aENG-131771
020 _a9789391420017
_c334.00
035 _aEN-115303
037 _bDBAD/PUB
082 _a657
100 _aSambasivaiah,M.
245 _aFinancial Accounting/
_cM. Sambasivaiah, S.V.S. Shastry and M. V. Ramesh
260 _aHyderabad
_bSevenHills International Publishers
_c2021
270 _a#326/C, Level - 4, Surneni Nilayam Near B K Guda Park, S R Nagar
_bHyderabad
_e500038
_k011238000657
_mstudentshelpline.in@gmail.com
300 _aviii,344p.
_c24cm(pbk)
700 _aShastry, S.V.S
700 _aRamesh, M.V.
942 _2ddc
_cEN
_h657
_mSAM